000 00925nas a2200313 4500
001 BR0100218
003 BR-BrBNA
005 20231205102017.0
007 ta
008 230509b bl.|||p| |||| 00| 00por d
040 _aBR-BrBNA
_bpor
_cBiblioteca Nacional de Agricultura
041 _a(Pt)
072 _aQ04
100 1 _aBoas, E.V. de B.V.
100 1 _aReis, J.M.R.
100 1 _aLima, L.C.
100 1 _aChitarra, A.B.
100 1 _aRamos, J.D.
245 1 _aInfluencia do tamanho sobre a qualidade de tangerinas, variedade Ponkan, na cidade de Lavras-MG
650 _aPonkan
650 _aTamanho
650 _aQualidade
650 _aPos-Colheita
650 _aAnalise Quimica
650 _aMinas Gerais
773 0 _tRevista da Universidade de Alfenas (Brazil)
_xISSN 1413-3547
_g(Jul-Dec 1998), v. 4(2) p. 131-135
_wBR0100218
909 _a202311
_bLúcia
_c55
_dLúcia Elande
942 _2AGRIS
_n0
_cANA
999 _c165244
_d165244